000 00566nam a2200205Ia 4500
005 20250508151110.0
008 008 250505s9999 xx 000 0 eng d
037 _aTextual
040 _aFEDL
_beng
_cFEDL
041 _aeng
_2eng
084 _a050, MAR
_qFEDL
100 _aMartin Laura Katherine
_9758416
245 0 _aMagazines for school libraries
260 _aNew York, USA
_bH. W. Wilson Company
_c1950
300 _a195p.
365 _aINR
_b14
650 _aSerial-Index
_9758417
942 _cTEXL
_h050, MAR
999 _c1327571
_d1327571